| 000 | 01117pam a2200253 a 4500 | ||
|---|---|---|---|
| 003 | OSt | ||
| 005 | 20140716175835.0 | ||
| 008 | 140716s2014 spca|||||||||o1|| 0 cat|d | ||
| 017 |
_aDL B. 5283-2014 _bBiblioteca de Catalunya |
||
| 040 |
_aES-BaBC _bcat _cCDMR |
||
| 245 | 0 | 3 | _aLa Comunicació i la regeneració democràtica i política |
| 260 |
_aBarcelona _bGeneralitat de Catalunya _bACCIEP _c2014 |
||
| 300 |
_a217 p. _bil. _c23 cm |
||
| 490 | 1 |
_aLexikon papers _v9 |
|
| 500 | _aTextos de la jornada de reflexió celebrada el 12 de desembre de 2013 | ||
| 504 | _aBibliografia | ||
| 650 | 7 |
_aDesafecció política _zCatalunya _xCongressos _2lemac |
|
| 650 | 7 |
_aComunicació _xAspectes polítics _zCatalunya _2lemac _92305 |
|
| 650 | 7 |
_aMitjans de comunicació de massa _xAspectes polítics _zCatalunya _2lemac _92807 |
|
| 710 | 1 |
_aCatalunya _b -- Generalitat _91064 |
|
| 710 | 2 | _aAssociació Catalana de Comunicació, Investigació i Estratègia Polítiques | |
| 856 | 4 | 1 |
_zAccés lliure _uhttp://www20.gencat.cat/docs/EADOP/Publicacions/Continguts/epubs/lexikon/Lexikon_9.pdf _yDisponible en línia (pdf) |
| 942 | _cMON | ||
| 999 |
_c6745 _d6745 |
||